| 000 -LEADER |
| fixed length control field |
01334cam a2200241 i 4500 |
| 003 - CONTROL NUMBER IDENTIFIER |
| control field |
OSt |
| 005 - DATE AND TIME OF LATEST TRANSACTION |
| control field |
20200513121220.0 |
| 008 - FIXED-LENGTH DATA ELEMENTS--GENERAL INFORMATION |
| fixed length control field |
131204s2014 nyuae b 001 0 eng |
| 020 ## - INTERNATIONAL STANDARD BOOK NUMBER |
| International Standard Book Number |
9780415828543 (hardback : alk. paper) |
| 082 00 - DEWEY DECIMAL CLASSIFICATION NUMBER |
| Classification number |
720.1/1 |
| Edition number |
23 |
| 100 1# - MAIN ENTRY--PERSONAL NAME |
| Personal name |
Sánchez Vibæk, Kasper, |
| Dates associated with a name |
1974- |
| 245 10 - TITLE STATEMENT |
| Title |
Architectural system structures : |
| Remainder of title |
integrating design complexity in industrialised construction / |
| Statement of responsibility, etc |
Kasper Sánchez Vibæk. |
| 250 ## - EDITION STATEMENT |
| Edition statement |
First edition. |
| 300 ## - PHYSICAL DESCRIPTION |
| Extent |
x, 244 pages : |
| Other physical details |
illustrations, plans ; |
| Dimensions |
25 cm. |
| 490 0# - SERIES STATEMENT |
| Series statement |
Routledge research in architecture |
| 504 ## - BIBLIOGRAPHY, ETC. NOTE |
| Bibliography, etc |
Includes bibliographical references (pages 238-242) and index. |
| 505 0# - FORMATTED CONTENTS NOTE |
| Formatted contents note |
Frame. Preface -- Acknowledgements -- Introduction -- Scope -- System. Systems in architectural theory -- Classification systems in construction -- Industrial production theory -- General systems theory -- Architectural systems terminology -- Product. From construction of projects to production in projects -- Product catalogue -- Industrial ecology -- Model. Model presentation -- Kieran Timberlake -- Scandi Byg -- NCC -- Arup Associates -- Reflection. Findings -- Conclusions in short. |
| 650 #0 - SUBJECT ADDED ENTRY--TOPICAL TERM |
| Topical term or geographic name as entry element |
Architecture |
| General subdivision |
Philosophy. |
| 650 #0 - SUBJECT ADDED ENTRY--TOPICAL TERM |
| Topical term or geographic name as entry element |
Architectural design. |
| 650 #0 - SUBJECT ADDED ENTRY--TOPICAL TERM |
| Topical term or geographic name as entry element |
System analysis. |
| 650 #0 - SUBJECT ADDED ENTRY--TOPICAL TERM |
| Topical term or geographic name as entry element |
Construction industry |
| General subdivision |
Management. |
| 942 ## - ADDED ENTRY ELEMENTS (KOHA) |
| Source of classification or shelving scheme |
|